Online
Catalog

101 escritos de Toussaint Louverture : (Record no. 49650)

MARC details
000 -CABECERA
campo de control de longitud fija 01667nam a2200349 i 4500
003 - IDENTIFICADOR DEL NÚMERO DE CONTROL
campo de control DO-SdBNP
005 - FECHA Y HORA DE LA ÚLTIMA TRANSACCIÓN
campo de control 20260312094212.0
007 - CAMPO FIJO DE DESCRIPCIÓN FÍSICA--INFORMACIÓN GENERAL
campo de control de longitud fija ta
008 - DATOS DE LONGITUD FIJA--INFORMACIÓN GENERAL
campo de control de longitud fija 210322b2019 dr 020dr eng d
020 ## - NÚMERO INTERNACIONAL ESTÁNDAR DEL LIBRO
Número Internacional Estándar del Libro 9789945613322
040 ## - FUENTE DE LA CATALOGACIÓN
Centro catalogador/agencia de origen DO-SdBNP
Lengua de catalogación spa
Centro/agencia transcriptor BNPHU
Normas de descripción rda
041 ## - CÓDIGO DE LENGUA
Código de lengua del texto/banda sonora o título independiente spa
082 #4 - NÚMERO DE LA CLASIFICACIÓN DECIMAL DEWEY
Número de clasificación 972.9403
Número de documento/Ítem C569e
Número de edición 22
245 00 - MENCIÓN DE TÍTULO
Título 101 escritos de Toussaint Louverture :
Resto del título cartas, decretos, proclamas, discursos, ordenanzas, arengas, conversaciones, comunicados, reglamentos, bandos, avisos, anuncios, la Constitución de 1801, sus memorias 1791-1804 /
Mención de responsabilidad, etc. compilador, Carlos Esteban Deive.
246 12 - FORMA VARIANTE DE TÍTULO
Título propio/Titulo breve Ciento un escritos de Tousaint Louverture :
Resto del título cartas, decretos, proclamas, discursos, ordenanzas, arengas, conversaciones, comunicados, reglamentos, bando, avisos, anuncios, la constitución de 1801, sus memorias 1791-1804 /
264 #4 - PRODUCCIÓN, PUBLICACIÓN, DISTRIBUCIÓN, FABRICACIÓN Y COPYRIGHT
Producción, publicación, distribución, fabricación y copyright Santo Domingo, República Dominicana :
Nombre del de productor, editor, distribuidor, fabricante Archivo General de la Nación,
Fecha de producción, publicación, distribución, fabricación o copyright ©2019.
300 ## - DESCRIPCIÓN FÍSICA
Extensión 213 páginas ;
Dimensiones 23 cm.
336 ## - TIPO DE CONTENIDO
Término de tipo de contenido texto
Código de tipo de contenido txt
Fuente rdacontent
337 ## - TIPO DE MEDIO
Nombre/término del tipo de medio sin mediación
Código del tipo de medio n
Fuente rdamedia
338 ## - TIPO DE SOPORTE
Nombre/término del tipo de soporte volumen
Código del tipo de soporte nc
Fuente rdacarrier
490 0# - MENCIÓN DE SERIE
Mención de serie Archivo General de la Nación
Designación de volumen o secuencia 366
500 ## - NOTA GENERAL
Nota general Incluye referencias bibliográficas y notas al pie de las páginas
500 ## - NOTA GENERAL
Nota general Incluye datos biográficos del autor en las solapas
504 ## - NOTA DE BIBLIOGRAFÍA, ETC.
Nota de bibliografía, etc. Bibliografía : p. 187-189
590 ## - NOTA LOCAL (RLIN)
Nota local Inventariado, 2021/BT
600 14 - PUNTO DE ACCESO ADICIONAL DE MATERIA--NOMBRE DE PERSONA
Nombre de persona Toussaint Louverture,
Fechas asociadas al nombre 1743-1803
9 (RLIN) 75451
651 #4 - PUNTO DE ACCESO ADICIONAL DE MATERIA--NOMBRE GEOGRÁFICO
Nombre geográfico Haiti
Subdivisión general Historia
Subdivisión cronológica Revolución, 1791-1804
9 (RLIN) 9645
651 #4 - PUNTO DE ACCESO ADICIONAL DE MATERIA--NOMBRE GEOGRÁFICO
Nombre geográfico Haití
Subdivisión general Historia militar
9 (RLIN) 38770
700 1# - PUNTO DE ACCESO ADICIONAL--NOMBRE DE PERSONA
Nombre de persona Deive, Carlos Esteban,
Fechas asociadas al nombre 1935-2019
Término indicativo de función/relación compilador
9 (RLIN) 1916
Código de función/relación comp.
910 ## - DATOS DE OPCIÓN DEL USUARIO (OCLC)
Datos de opción del usuario Validado. Control de calidad MFF
942 ## - ELEMENTOS DE PUNTO DE ACCESO ADICIONAL (KOHA)
Fuente del sistema de clasificación o colocación Dewey Decimal Classification
Tipo de ítem Koha Libro
Holdings
Estado de retiro Estado de pérdida Fuente del sistema de clasificación o colocación Restricciones de uso No para préstamo Código de colección Localización permanente Ubicación/localización actual Ubicación en estantería Fecha de adquisición Fuente de adquisición Signatura topográfica completa Código de barras Fecha visto por última vez Precio válido a partir de Tipo de ítem Koha Número de copia Total de préstamos
    Dewey Decimal Classification Excluido de préstamo   Patrimonio Dominicano Biblioteca Nacional Pedro Henríquez Ureña Biblioteca Nacional Pedro Henríquez Ureña Depósito 22.03.2021 Depósito Legal BNPHU PD 972.9403 C569u 2021-1089 22.03.2021 22.03.2021 Libro    
    Dewey Decimal Classification Excluido de préstamo   Patrimonio Dominicano Biblioteca Nacional Pedro Henríquez Ureña Biblioteca Nacional Pedro Henríquez Ureña Depósito 22.03.2021 Depósito Legal BNPHU PD 972.9403 C569u 2021-1092 22.03.2021 22.03.2021 Libro e.2  
    Dewey Decimal Classification Préstamo en sala   Dominicana de Servicio Biblioteca Nacional Pedro Henríquez Ureña Biblioteca Nacional Pedro Henríquez Ureña Depósito 22.03.2021 Depósito Legal BNPHU DS 972.9403 C569u 2021-1093 22.03.2021 22.03.2021 Libro e.3  
    Dewey Decimal Classification Préstamo en sala   Dominicana de Servicio Biblioteca Nacional Pedro Henríquez Ureña Biblioteca Nacional Pedro Henríquez Ureña Depósito 09.02.2022 Donado por Víctor Hugo BNPHU DS 972.9403 C569u 2023-0611 03.02.2023 03.02.2023 Libro e.4  
    Dewey Decimal Classification Préstamo en sala   Dominicana de Servicio Biblioteca Nacional Pedro Henríquez Ureña Biblioteca Nacional Pedro Henríquez Ureña Depósito 19.01.2022 Donado por Colegio Dominico Español BNPHU DS 972.9403 C569u 2026-2105 12.03.2026 12.03.2026 Libro e.5  

Powered by Koha